000 00468nam a2200145Ia 4500
003 OSt
005 20260127100727.0
008 211028s2017 xx 000 0 und d
040 _cAIMIT LIBRARY
041 _aeng
100 _aKalgutkar, Navatara U; Pereira, Divya.
_g1516098
_97674
245 _aStudy on effectiveness of training and development with special reference to Prakruti remedies pvt ltd /
260 _aMangalore
_bJustin James.
_c2017
942 _2ddc
_cPRO
999 _c219242
_d219242